[Event "Navarra-chT Primera Gp1"]
[Site "Navarra"]
[Date "2012.10.20"]
[Round "2.3"]
[White "Perez Alonso, Daniel"]
[Black "Ros Iturgaiz, Ibai"]
[Result "0-1"]
[WhiteElo "1758"]
[BlackElo "1658"]
[PlyCount "28"]
[EventDate "2012.10.13"]
[EventType "team-swiss"]
[EventRounds "5"]
[EventCountry "ESP"]
[SourceTitle "EXT 2014"]
[Source "ChessBase"]
[SourceDate "2013.11.20"]
[SourceVersion "1"]
[SourceVersionDate "2013.11.20"]
[SourceQuality "1"]
[WhiteTeam "San Juan II"]
[BlackTeam "Arrano Elkartea"]
[WhiteTeamCountry "ESP"]
[BlackTeamCountry "ESP"]

1. e4 e5 2. Nf3 Nc6 3. Bc4 Bc5 4. Nxe5 Nxe5 5. Bb3 Bb6 6. d4 Ng6 7. e5 N8e7 8. h4 Nc6 9. Bg5 Nge7 10. Nc3 d6 11. Qh5 0-0 12. Ne4 dxe5 13. Nf6+ gxf6 14. Bxf6 Qxd4 0-1